000 00824nac a22002537a 4500
001 BR8203176
003 BR-BrBNA
005 20240105115335.0
008 230509b bl.|||m| |||| 00| 0 por d
040 _aBR-BrBNA
_bpor
_cBiblioteca Nacional de Agricultura
072 _aF70
090 _aF70 BR8203176
110 1 _aFundacao Estadual de Engenharia do Meio Ambiente, Rio de Janeiro, RJ (Brasil)
_94883
245 1 _aFlora: alguns estudos - 2 [fungo, flora micotica]
260 3 _aRio de Janeiro, RJ (Brasil):
_c1982.
300 _a31 p.
490 _aCadernos FEEMA. Serie Trabalhos Tecnicos (Brazil)
_vno. 2
_x
500 _a14 ref.; 11 illus.; Summaries (En, Pt)
650 _aFLORA
650 _aFUNGO
650 _aFLORA MICOTICA
909 _a202312
_bLúcia Elande
_c55
_dLúcia Elande
942 _2AGRIS
_n0
_cMS
999 _c274374
_d274374